| 000 | 00674nam a2200229Ia 4500 | ||
|---|---|---|---|
| 003 | OSt | ||
| 005 | 20220927105005.0 | ||
| 006 | a|||||r|||| 00| 0 | ||
| 007 | ta | ||
| 008 | 220926b |||||||| |||| 00| 0 eng d | ||
| 024 | _a154674 | ||
| 037 | _cReference Collections | ||
| 040 |
_aRTL _cRTL _beng |
||
| 041 |
_2eng _aeng |
||
| 082 | _a"X724 .2211 .N72, L2 .83" | ||
| 100 | _aAIYAR A N Ed. | ||
| 245 | 0 | _aIncome Tex Reports . | |
| 260 |
_aMadras _bCompany law Institute of India _c1972 |
||
| 300 |
_avarious pages _ccm. |
||
| 942 |
_h"X724 .2211 .N72, L2 .83" _cCC |
||
| 999 |
_c690035 _d690035 |
||